000
00470nam a2200181Ia 4500
008
100917s9999 xx 000 0 und d
082
_b
8843
100
_a
रहाळकर कृ. के.
245
_a
बिंबा नगर
260
_b
---
300
_a
23
365
_b
0.4
520
_a
बालविभाग
630
_a
बिंबा नगर
650
_a
बालविभाग
730
_a
बिंबा नगर
942
_c
BOOK
999
_c
614237
_d
614234